00937cam a2200253 a 450000100060000000300100000600500170001600800410003302000180007403500140009204000240010608200240013010000300015424501150018426000450029930000290034450400510037365000470042465000330047170000300050494200120053499900170054695201200056338358(BD-RjUL)20211209052800.0901107s1991 maua b 001 0 eng  a9788131708088 a(BD-RjUL) aDLCc(BD-RjUL)dDLC00a006.3220bFRN 20091 aFreeman, James A.911849910aNeural networks :balgorithms, applications, and programming techniques /cJames A. Freeman, David M. Skapura. aIndia :bPearson,cc1991 [reprint 2009]. a415 p. :bill. ;c24 cm. aIncludes bibliographical references and index. 0aNeural networks (Computer science)9118250 0aComputer algorithms.91182251 aSkapura, David M.9118501 2ddccBK c38358d38358 00102ddc4071aICEbICEcSeminar Libraryd2015-11-14l0o006.3 FRN 2009r2015-11-14 00:00:00tC.1w2015-11-14yBK